| 000 | 00519nam a2200181Ia 4500 | ||
|---|---|---|---|
| 003 | PILC | ||
| 005 | 20160201130657.0 | ||
| 008 | 140609s9999 xx 000 0 und d | ||
| 020 | _a9780486478999 | ||
| 050 |
_aBF 145 _b.M8 2010 |
||
| 100 | _aMurphy, Joseph. | ||
| 245 | 4 |
_aThe power of your subconscious mind / _cJoseph Murphy. |
|
| 260 |
_aMineola, N.Y. : _bDover Publications, _c2010. |
||
| 300 |
_a190 pages ; _c22 cm. |
||
| 440 | _a(Dover empower your life series). | ||
| 942 |
_kFOR _cBK _2lcc |
||
| 999 |
_c118040 _d118040 |
||